| 000 | 00564nam a2200193 a 4500 | ||
|---|---|---|---|
| 005 | 20140310183455.0 | ||
| 008 | 091127s19uu xx 00 eng d | ||
| 020 | _a0749444592 | ||
| 050 |
_aHF 1118 _b.B79 2007 |
||
| 100 | _aBryon, Mike | ||
| 245 |
_aHow to pass the GMAT / _cMike Bryon |
||
| 260 |
_aLondon : _bKogan Page, _c2007. |
||
| 300 |
_a278 p. : _bill. ; _c25 cm. |
||
| 521 | _aBSBA | ||
| 650 |
_aGraduate management, graduation, test _xStudy guides. |
||
| 650 |
_aManagement _xExaminations, questions, etc. |
||
| 942 |
_cBK _2lcc _kFOR |
||
| 999 |
_c23607 _d23607 |
||